000 00589nmm a2200217 a 4500
003 AR-BaBNM
005 20251128211110.0
008 212120s1993 ||||||||||||||000 | spa||
040 _cAR-BaBNM
100 1 _aMartos de Rodriguez, Susana
245 1 0 _aValores de la personalidad sanmartiniana
260 _aBahía Blanca
_bAsociación Cultutral Sanmartiniana
_c1993
650 4 _aHISTORIA ARGENTINA
650 4 _aBIOGRAFIAS
650 4 _aVALORES MORALES
650 4 _aVALORES CULTURALES
650 4 _aVALORES SOCIALES
655 _aBIOGRAFIAS
942 _cBK
998 _cmariana
999 _c18220
_d18220